Normal view
MARC view
- Khalid Ullah (editor)
Entry Personal Name
001 - CONTROL NUMBER
- control field: 130055
003 - CONTROL NUMBER IDENTIFIER
- control field: NUST
005 - DATE AND TIME OF LATEST TRANSACTION
- control field: 20250723103409.0
008 - FIXED-LENGTH DATA ELEMENTS
- fixed length control field: 250723|| aca||aabn | a|a d
040 ## - CATALOGING SOURCE
- Original cataloging agency: NUST
- Transcribing agency: NUST
100 ## - HEADING--PERSONAL NAME
- Personal name: Khalid Ullah (editor)
670 ## - SOURCE DATA FOUND
- Source citation: Work cat.: (NUST)565216: Khalid Ullah (editor), Military Technologist /
